000 00547nam a2200181Ia 4500
005 20250508154054.0
008 008 250505s9999 xx 000 0 eng d
037 _aTextual
040 _aFEDL
_beng
_cFEDL
041 _aeng
_2eng
084 _a325, ZAC
_qFEDL
100 _aZachariah K.C.
_9387415
245 0 _aHistorical study of internal migration in the Indian sub-continent 1901-1931
260 _aBombay, India
_bAsia Publishing House
_c1964
300 _axv,297p.
942 _cTEXL
_h325, ZAC
999 _c1347437
_d1347437